Flags with Two Colours on a World Map 🗺️ - Statistics

General Stats
  • This quiz has been taken 97 times
  • The average score is 30 of 38
Answers on the Map
Answers color-coded by a green-red scale on the quiz's map according to % correct below.
 
Answer Stats
Answer % Correct
Canada
99%
Sweden
97%
China
96%
Finland
96%
Poland
96%
Ukraine
94%
Austria
93%
Indonesia
93%
Pakistan
93%
Turkey
93%
Peru
92%
Switzerland
92%
Kazakhstan
90%
Saudi Arabia
89%
Afghanistan
87%
Morocco
86%
Nigeria
86%
Greece
83%
Japan
83%
Tunisia
82%
North Macedonia
80%
Denmark
77%
Bangladesh
76%
Georgia
76%
Kyrgyzstan
76%
Albania
75%
Latvia
75%
Honduras
72%
Monaco
72%
Palau
70%
Vietnam
69%
Bahrain
61%
Qatar
61%
Israel
59%
Micronesia
58%
Somalia
54%
Tonga
51%
Singapore
48%
No matching quizzes found
Score Distribution
Percent of People with Each Score
Percentile by Number Answered
Your Score History
You have not taken this quiz